Manuel Vicuña: conversaciones con Cristián Warnken

Guardat en:
Dades bibliogràfiques
Format: Llibre
Idioma:espanyol
Publicat: Santiago BHP Billiton 2011
Edició:1a. ed
Col·lecció:Pensamiento Propio 9
Matèries:
Etiquetes: Afegir etiqueta
Sense etiquetes, Sigues el primer a etiquetar aquest registre!

MARC

LEADER 00000cam a2200000 a 4500
001 UCE5086
003 CL-VaPUC
008 141204e20110000cl |||||||||||||||||spa|d
082 0 4 |a 070.2  |b MAN  |2 21 
245 1 0 |a Manuel Vicuña: conversaciones con Cristián Warnken 
246 1 0 |a Miré los muros de la patria mía 
250 |a 1a. ed 
300 |a 78 p 
942 |c BK 
945 |d 20141204 15:21:00  |a dcastane 
260 |a Santiago  |b BHP Billiton  |c 2011 
600 0 7 |a VICUÑA, MANUEL  |2 CL-VaPUC  |9 507308 
650 0 |a Entrevistas  |9 265537 
650 0 |a Historiadores chilenos   |9 532663 
583 |a last modification  |c 20141204 15:21:00  |k Rodrigo Vera 
490 0 |a Pensamiento Propio 9 
999 |c 357905  |d 357903 
952 |0 0  |1 0  |3 erb  |4 0  |6 070_200000000000000_MAN_2011  |7 0  |8 A  |9 466053  |a BIBART  |b BIBART  |i 5126681  |o 070.2 MAN 2011  |p 5126681  |r 2025-03-13  |w 2019-11-23  |y BK  |z Catalogado en:20141204  |k ART 
952 |0 0  |1 0  |3 erb  |4 0  |6 070_200000000000000_MAN_2011  |7 0  |8 A  |9 466054  |a BIBHIS  |b BIBHIS  |i 5126479  |o 070.2 MAN 2011  |p 5126479  |r 2025-01-20  |w 2019-11-23  |y BK  |z Catalogado en:20141204  |k HIS